Sri Aurobindo's Savitri / (Record no. 200657)

MARC details
000 -LEADER
fixed length control field 00633nam a22002057a 4500
005 - DATE AND TIME OF LATEST TRANSACTION
control field 20240212120341.0
010 ## - LCCN (DPL NO)
LC control number ENG-139193
020 ## - INTERNATIONAL STANDARD BOOK NUMBER
Terms of availability 350.00
International Standard Book Number 9789395422840
035 ## - SYSTEM CONTROL NUMBER
System control number EN-122725
037 ## - SOURCE OF ACQUISITION
Source of stock number/acquisition DBAD/PUB
082 ## - DEWEY DECIMAL CLASSIFICATION NUMBER
Classification number 181.499
100 ## - MAIN ENTRY--PERSONAL NAME
Personal name Sai, K Sathya
245 ## - TITLE STATEMENT
Title Sri Aurobindo's Savitri /
Statement of responsibility, etc K .Sathya Sai:
Remainder of title LightHouse for the Wandering Humanity
260 ## - PUBLICATION, DISTRIBUTION, ETC. (IMPRINT)
Place of publication, distribution, etc Tamil Nadu
Name of publisher, distributor, etc Shanlax Publications
Date of publication, distribution, etc 2023
270 ## - ADDRESS
City Tamil nadu
Address 61,62 TPK main road, Vasantha Nagar, Madurai
Postal code 625003
300 ## - PHYSICAL DESCRIPTION
Extent 105p.
Dimensions 22cm(pb)
700 ## - ADDED ENTRY--PERSONAL NAME
9 (RLIN) 61889
700 ## - ADDED ENTRY--PERSONAL NAME
9 (RLIN) 61890
942 ## - ADDED ENTRY ELEMENTS (KOHA)
Source of classification or shelving scheme Dewey Decimal Classification
Item type English Books
Call number suffix SAI
Classification part 181.499
Holdings
Withdrawn status Lost status Not for loan Collection code Home library Current library Date acquired Source of acquisition Cost, normal purchase price Full call number Barcode Copy number Cost, replacement price Koha item type
      Non-fiction Ashok Vihar Ashok Vihar 12/02/2024 DBAD 350.00 SAI 181.499 EN-122725 1 350.00 English Books

© Delhi Public Library
Hit Counter
free hit counter